[Event "Wch U20 Girls 36th"]
[Site "Manavgat"]
[Date "2018.09.10"]
[Round "6"]
[White "Du, Yuxin"]
[Black "Stanciu, Ioana Georgiana"]
[Result "1/2-1/2"]
[WhiteElo "2146"]
[BlackElo "2000"]
[PlyCount "112"]
[EventDate "2018.09.05"]
[EventType "swiss"]
[EventRounds "11"]
[EventCountry "TUR"]
[SourceTitle "CBM 186 Extra"]
[Source "ChessBase"]
[SourceDate "2018.08.24"]
[SourceVersion "1"]
[SourceVersionDate "2018.08.24"]
[SourceQuality "1"]

1. e4 c5 2. Nf3 Nc6 3. Bb5 g6 4. Bxc6 dxc6 5. 0-0 Bg7 6. h3 e5 7. d3 Qd6 8. Nbd2 Be6 9. Ng5 Nf6 10. Qe2 0-0 11. Nxe6 Qxe6 12. Nc4 Nh5 13. Qg4 Qe7 14. Bg5 Qc7 15. g3 Rae8 16. Be3 b6 17. Qd1 Qe7 18. Kh2 Nf6 19. f4 exf4 20. Bxf4 Rd8 21. Qf3 h6 22. Be5 Ng4+ 23. hxg4 Bxe5 24. Nxe5 Qxe5 25. Qf6 Qxf6 26. Rxf6 c4 27. Rd1 c5 28. b3 cxd3 29. Rxd3 Rxd3 30. cxd3 Rd8 31. Rf3 Kf8 32. Kg2 Ke7 33. Kf2 Rd6 34. Ke2 Rf6 35. Re3 Re6 36. Kd2 Rf6 37. Ke2 Re6 38. Kd2 Re5 39. Rf3 Rg5 40. Rf4 h5 41. gxh5 Rxh5 42. Kc3 Rh2 43. a3 Ra2 44. a4 Ke6 45. Rf3 Re2 46. b4 cxb4+ 47. Kxb4 Rb2+ 48. Kc3 Rb1 49. d4 Ra1 50. Kb3 Re1 51. e5 Rb1+ 52. Kc4 Rc1+ 53. Kb5 Rc7 54. Rf6+ Kd5 55. Rd6+ Ke4 56. e6 fxe6 1/2-1/2

[Event "ROM-ch U20 Girls"]
[Site "Calimanesti Caciulata"]
[Date "2018.04.01"]
[Round "6"]
[White "Bejan, Clarisa Iustina"]
[Black "Stanciu, Ioana Georgiana"]
[Result "0-1"]
[WhiteElo "1518"]
[BlackElo "1999"]
[PlyCount "86"]
[EventDate "2018.03.27"]
[EventType "tourn"]
[EventRounds "7"]
[EventCountry "ROU"]
[SourceTitle "EXT 2019"]
[Source "ChessBase"]
[SourceDate "2018.10.10"]
[SourceVersion "1"]
[SourceVersionDate "2018.10.10"]
[SourceQuality "1"]

1. d4 d5 2. c4 c6 3. Nc3 Nf6 4. Nf3 Nbd7 5. e3 e6 6. Qc2 a6 7. cxd5 exd5 8. Bd3 Bd6 9. Rb1 Qe7 10. a3 a5 11. 0-0 0-0 12. Nh4 g6 13. g3 Re8 14. f4 Ne4 15. f5 g5 16. Ng2 Ndf6 17. Nxe4 Nxe4 18. Qe2 Qf6 19. Qg4 Kh8 20. Ne1 Bd7 21. Qh3 g4 22. Qh4 Qxh4 23. gxh4 g3 24. hxg3 Bxg3 25. Bxe4 Rxe4 26. h5 Rg8 27. Ng2 Reg4 28. b4 Bd6 29. Rb2 axb4 30. axb4 Rh4 31. h6 Rh5 32. f6 Bf5 33. b5 Be4 34. Rff2 Rxh6 35. bxc6 bxc6 36. Rb6 Bh2+ 37. Kf1 Bxg2+ 38. Rxg2 Rxf6+ 39. Rf2 Rg1+ 40. Ke2 Rxf2+ 41. Kxf2 Rxc1 42. Kg2 Bg1 43. Rb7 Kg7 0-1

[Event "ROM-chT (Women)"]
[Site "Baile Govora"]
[Date "2017.11.15"]
[Round "5.1"]
[White "Lehaci, Miruna Daria"]
[Black "Stanciu, Ioana Georgiana"]
[Result "1-0"]
[WhiteElo "1995"]
[BlackElo "2005"]
[PlyCount "81"]
[EventDate "2017.11.11"]
[EventType "team-tourn"]
[EventRounds "9"]
[EventCountry "ROU"]
[SourceTitle "CBM 181 Extra"]
[Source "ChessBase"]
[SourceDate "2017.12.12"]
[SourceVersion "1"]
[SourceVersionDate "2017.12.12"]
[SourceQuality "1"]
[WhiteTeam "Iasi Politehnica (W)"]
[BlackTeam "Timisoara Medicina (W)"]
[WhiteTeamCountry "ROU"]
[BlackTeamCountry "ROU"]

1. Nf3 c5 2. c4 Nc6 3. Nc3 Nf6 4. e3 e6 5. b3 d5 6. cxd5 exd5 7. d4 Bg4 8. Be2 a6 9. Bb2 Bd6 10. 0-0 0-0 11. dxc5 Bxc5 12. Nd4 h5 13. Nxc6 bxc6 14. h3 Bxe2 15. Nxe2 Rc8 16. Qd3 a5 17. Rac1 Bd6 18. Nd4 Qd7 19. Qf5 Qxf5 20. Nxf5 Rfd8 21. Nxd6 Rxd6 22. Rc5 Ra8 23. Rfc1 Ra6 24. Be5 Re6 25. Bc7 a4 26. b4 Ne4 27. Ra5 Rxa5 28. bxa5 c5 29. f3 Nf6 30. Rxc5 Rxe3 31. a6 Re8 32. a7 Ra8 33. Bb8 Kh7 34. Rc8 Kg6 35. Kf2 Nd7 36. Ke3 Kf5 37. g4+ hxg4 38. hxg4+ Kg6 39. Kd4 Nf6 40. Kc5 Nd7+ 41. Kc6 1-0

[Event "Wch U18 Girls"]
[Site "Khanty-Mansiysk"]
[Date "2016.09.30"]
[Round "8"]
[White "Stanciu, Ioana Georgiana"]
[Black "Assaubayeva, Bibissara"]
[Result "1-0"]
[WhiteElo "1931"]
[BlackElo "2287"]
[PlyCount "139"]
[EventDate "2016.09.22"]
[EventType "swiss"]
[EventRounds "11"]
[EventCountry "RUS"]
[SourceTitle "EXT 2017"]
[Source "ChessBase"]
[SourceDate "2016.10.25"]
[SourceVersion "1"]
[SourceVersionDate "2016.10.25"]
[SourceQuality "1"]

1. e4 e5 2. Nf3 Nc6 3. d4 exd4 4. Nxd4 Nf6 5. Nc3 Bb4 6. Nxc6 bxc6 7. Bd3 d5 8. exd5 cxd5 9. 0-0 0-0 10. Bg5 c6 11. Qf3 Bd6 12. Rfe1 h6 13. Bh4 Rb8 14. Ne2 Be5 15. c3 Qd6 16. h3 Rxb2 17. Nd4 g5 18. Rxe5 Qxe5 19. Bg3 Qe7 20. Nxc6 Qe6 21. Nd4 Qb6 22. Re1 Ne4 23. Bxe4 dxe4 24. Qxe4 Bb7 25. Qd3 Qa6 26. Qe3 f5 27. Qe7 Qf6 28. Qa3 Rb6 29. Bc7 Rc6 30. Qb3+ Qf7 31. Nxc6 Bxc6 32. Re6 Bd7 33. Rxh6 Qxb3 34. axb3 Rc8 35. Be5 Rc6 36. Rh8+ Kf7 37. Ra8 a6 38. Ra7 Ke7 39. Kf1 Kd8 40. Ra8+ Bc8 41. Bd4 Kc7 42. Be5+ Kd8 43. Ra7 Bd7 44. Rb7 Ke7 45. Bd4 Re6 46. c4 Kd8 47. Rb6 Rxb6 48. Bxb6+ Ke7 49. Ke2 f4 50. f3 Bf5 51. b4 Bg6 52. Kd2 Kd7 53. Kc3 Ke7 54. Kd4 Bh7 55. b5 axb5 56. cxb5 Kd7 57. Bc5 Bc2 58. Bf8 Bd1 59. Kc5 Be2 60. b6 Bf1 61. Bd6 Ba6 62. h4 gxh4 63. Bxf4 Bb7 64. Kb5 Ke6 65. Bg5 h3 66. gxh3 Bxf3 67. Ka6 Kf5 68. h4 Be2+ 69. Ka7 Bf3 70. b7 1-0

[Event "ROM-ch U18 Girls"]
[Site "Calimanesti Caciulata"]
[Date "2016.04.24"]
[Round "8"]
[White "Stanciu, Ioana Georgiana"]
[Black "Cimpean, Andra"]
[Result "1-0"]
[WhiteElo "1897"]
[BlackElo "1897"]
[PlyCount "59"]
[EventDate "2016.04.18"]
[EventType "swiss"]
[EventRounds "9"]
[EventCountry "ROU"]
[SourceTitle "CBM 172 Extra"]
[Source "ChessBase"]
[SourceDate "2016.06.21"]
[SourceVersion "1"]
[SourceVersionDate "2016.06.21"]
[SourceQuality "1"]

1. e4 d5 2. exd5 Qxd5 3. Nf3 Bg4 4. Be2 Nc6 5. 0-0 0-0-0 6. Nc3 Qd7 7. h3 Bf5 8. d3 e5 9. a3 f6 10. b4 g5 11. b5 Nd4 12. a4 h5 13. Nxd4 exd4 14. Ne4 g4 15. h4 Re8 16. Bb2 Bh6 17. g3 Bxe4 18. dxe4 Rxe4 19. Bd3 Re7 20. Bxd4 Kb8 21. c3 Bg7 22. a5 f5 23. Bxf5 Qxf5 24. b6 cxb6 25. axb6 a6 26. Bxg7 Rxg7 27. Qd6+ Kc8 28. Ra5 Rd7 29. Rc5+ Kd8 30. Qb8+ 1-0

[Event "ROM-chT (Women)"]
[Site "Mamaia"]
[Date "2015.10.09"]
[Round "7.1"]
[White "Cosman, Andreea Marioara"]
[Black "Stanciu, Ioana Georgiana"]
[Result "1/2-1/2"]
[WhiteElo "2072"]
[BlackElo "2038"]
[PlyCount "130"]
[EventDate "2015.10.03"]
[EventType "team-tourn"]
[EventRounds "9"]
[EventCountry "ROU"]
[SourceTitle "CBM 168 Extra"]
[Source "ChessBase"]
[SourceDate "2015.10.29"]
[SourceVersion "1"]
[SourceVersionDate "2015.10.29"]
[SourceQuality "1"]
[WhiteTeam "Timisoara Sinandrei (W)"]
[BlackTeam "Lugoj CSM (W)"]
[WhiteTeamCountry "ROU"]
[BlackTeamCountry "ROU"]

1. d4 Nf6 2. c4 g6 3. Nc3 Bg7 4. e4 d6 5. Nf3 0-0 6. Be2 e5 7. 0-0 Nc6 8. d5 Ne7 9. b4 a5 10. Ba3 axb4 11. Bxb4 b6 12. a4 Re8 13. Qc2 c5 14. dxc6 Nxc6 15. Ba3 Nd4 16. Qd1 Bb7 17. Bd3 Qe7 18. Rb1 Nd7 19. Nxd4 exd4 20. Nd5 Bxd5 21. cxd5 Nc5 22. Bb5 Rf8 23. Re1 Be5 24. g3 g5 25. Qg4 Kh8 26. Kh1 Rg8 27. Bc6 Rab8 28. Qf5 g4 29. f4 gxf3 30. Qxf3 Rg6 31. Rf1 Rf6 32. Qg2 Rxf1+ 33. Rxf1 Rg8 34. Qf3 Qg5 35. Bxc5 dxc5 36. Bb5 f6 37. d6 Bxd6 38. Qxf6+ Qxf6 39. Rxf6 Rd8 40. Re6 Bc7 41. Re7 Bd6 42. Rb7 Be5 43. Re7 Bd6 44. Rb7 Bf8 45. Bd3 Ra8 46. Bb5 Rd8 47. Bd3 c4 48. Bxc4 d3 49. Rxb6 d2 50. Be2 d1Q+ 51. Bxd1 Rxd1+ 52. Kg2 Rd4 53. a5 Rxe4 54. a6 Ra4 55. Rb8 Kg7 56. Rb7+ Kg6 57. Rb6+ Kf5 58. Rb7 Kg6 59. Rb6+ Kf5 60. Rb7 Ra2+ 61. Kh3 Kg6 62. Rb6+ Kg5 63. Rb5+ Kg6 64. Rb6+ Kg5 65. Rb5+ Kf6 1/2-1/2

[Event "ROM-chT (Women)"]
[Site "Mamaia"]
[Date "2015.10.06"]
[Round "4.2"]
[White "Stanciu, Ioana Georgiana"]
[Black "Sandu, Mihaela"]
[Result "1/2-1/2"]
[WhiteElo "2038"]
[BlackElo "2246"]
[PlyCount "76"]
[EventDate "2015.10.03"]
[EventType "team-tourn"]
[EventRounds "9"]
[EventCountry "ROU"]
[SourceTitle "CBM 168 Extra"]
[Source "ChessBase"]
[SourceDate "2015.10.29"]
[SourceVersion "1"]
[SourceVersionDate "2015.10.29"]
[SourceQuality "1"]
[WhiteTeam "Lugoj CSM (W)"]
[BlackTeam "Timisoara Medicina (W)"]
[WhiteTeamCountry "ROU"]
[BlackTeamCountry "ROU"]

1. e4 c5 2. Nf3 d6 3. d4 cxd4 4. Nxd4 Nf6 5. Nc3 a6 6. Bg5 e6 7. f4 Qc7 8. Qf3 b5 9. Bxf6 gxf6 10. a3 Bb7 11. 0-0-0 Nd7 12. Bd3 h5 13. Rhe1 0-0-0 14. Kb1 Kb8 15. Qe2 Qb6 16. Nb3 Nc5 17. e5 dxe5 18. fxe5 f5 19. h3 h4 20. Qe3 Be7 21. Nxc5 Bxc5 22. Qg5 Rhg8 23. Qxh4 Bxg2 24. Qf6 Qc7 25. Bf1 Bb7 26. Rxd8+ Rxd8 27. h4 Be7 28. Qh6 b4 29. axb4 Bxb4 30. Qe3 Bc5 31. Qe2 Bd4 32. Rd1 Bxc3 33. bxc3 Rxd1+ 34. Qxd1 Qxe5 35. Kb2 Kc7 36. h5 Qf4 37. Be2 e5 38. Qg1 e4 1/2-1/2

[Event "EU-ch U18 Girls 25th"]
[Site "Porec"]
[Date "2015.09.25"]
[Round "5"]
[White "Traykova, Vasilena"]
[Black "Stanciu, Ioana Georgiana"]
[Result "1-0"]
[WhiteElo "1799"]
[BlackElo "2038"]
[PlyCount "89"]
[EventDate "2015.09.21"]
[EventType "swiss"]
[EventRounds "9"]
[EventCountry "CRO"]
[SourceTitle "EXT 2016"]
[Source "ChessBase"]
[SourceDate "2015.10.08"]
[SourceVersion "1"]
[SourceVersionDate "2015.10.08"]
[SourceQuality "1"]

1. d4 Nf6 2. Nf3 g6 3. Bf4 Bg7 4. e3 0-0 5. h3 d6 6. Be2 c5 7. Nc3 b6 8. 0-0 Bb7 9. d5 Nbd7 10. e4 a6 11. a4 Qc7 12. Bh2 Ne8 13. Nd2 Rd8 14. f4 Qc8 15. Nc4 Bd4+ 16. Kh1 Nc7 17. Bg4 f5 18. exf5 h5 19. Bf3 Rxf5 20. Be4 Rf6 21. Bg3 b5 22. axb5 axb5 23. Na5 Kg7 24. Bh4 Rf7 25. f5 Rdf8 26. Qd3 b4 27. Nxb7 Qxb7 28. Na4 Ne5 29. Qd2 Nc4 30. Qg5 Rf6 31. Qg3 Nd2 32. Bxf6+ Rxf6 33. Rfe1 Nxe4 34. Rxe4 Qxd5 35. Rxe7+ Rf7 36. Qxg6+ Kf8 37. Qxf7+ Qxf7 38. Rxf7+ Kxf7 39. Re1 Nd5 40. g3 Be5 41. g4 hxg4 42. hxg4 Kf6 43. Kg2 Kg5 44. Kf3 Nf6 45. Nxc5 1-0

[Event "Eforie Nord Seacoast op 25th"]
[Site "Eforie Nord"]
[Date "2015.06.24"]
[Round "2"]
[White "Stanciu, Ioana Georgiana"]
[Black "Thesing, Matthias"]
[Result "0-1"]
[WhiteElo "1973"]
[BlackElo "2315"]
[PlyCount "46"]
[EventDate "2015.06.23"]
[EventType "swiss"]
[EventRounds "10"]
[EventCountry "ROU"]
[SourceTitle "CBM 167 Extra"]
[Source "ChessBase"]
[SourceDate "2015.09.14"]
[SourceVersion "1"]
[SourceVersionDate "2015.09.14"]
[SourceQuality "1"]

1. e4 c5 2. Nf3 e6 3. d4 cxd4 4. Nxd4 a6 5. Be3 Nf6 6. Nd2 Qc7 7. f4 d6 8. Bd3 Nbd7 9. Qf3 h5 10. 0-0-0 Nc5 11. Kb1 b5 12. h3 h4 13. Rhg1 Bb7 14. g4 hxg3 15. Rxg3 0-0-0 16. Rg5 d5 17. e5 Nfe4 18. Bxe4 dxe4 19. Qg2 g6 20. c4 Rxd4 21. Bxd4 e3 22. Nf3 Be4+ 23. Ka1 Nb3+ 0-1

[Event "World School-ch U17 Girls 11th"]
[Site "Pattaya"]
[Date "2015.05.09"]
[Round "4"]
[White "Stanciu, Ioana Georgiana"]
[Black "Mendoza, Shania Mae"]
[Result "0-1"]
[WhiteElo "2001"]
[BlackElo "2000"]
[PlyCount "50"]
[EventDate "2015.05.07"]
[EventType "swiss"]
[EventRounds "9"]
[EventCountry "THA"]
[SourceTitle "CBM 166 Extra"]
[Source "ChessBase"]
[SourceDate "2015.06.18"]
[SourceVersion "1"]
[SourceVersionDate "2015.06.18"]
[SourceQuality "1"]

1. e4 d5 2. exd5 Qxd5 3. Nc3 Qd6 4. d4 c6 5. Nge2 Nf6 6. Bf4 Qb4 7. Qd3 Qa5 8. 0-0-0 Bf5 9. Qf3 e6 10. h3 Nbd7 11. g4 Bg6 12. Ng3 Bb4 13. a3 Bxc3 14. Qxc3 Qxc3 15. bxc3 h5 16. Be2 h4 17. Nf1 Ne4 18. Be3 Nxc3 19. Re1 0-0-0 20. f4 Nxe2+ 21. Rxe2 Nb6 22. Nd2 Nd5 23. Nb3 b6 24. Bd2 a5 25. c4 Bd3 0-1

[Event "World School-ch U17 Girls 11th"]
[Site "Pattaya"]
[Date "2015.05.08"]
[Round "2"]
[White "Stanciu, Ioana Georgiana"]
[Black "Atthaworadej, Worasuda"]
[Result "1-0"]
[WhiteElo "2001"]
[BlackElo "1748"]
[PlyCount "131"]
[EventDate "2015.05.07"]
[EventType "swiss"]
[EventRounds "9"]
[EventCountry "THA"]
[SourceTitle "CBM 166 Extra"]
[Source "ChessBase"]
[SourceDate "2015.06.18"]
[SourceVersion "1"]
[SourceVersionDate "2015.06.18"]
[SourceQuality "1"]

1. e4 c5 2. Nf3 g6 3. d4 cxd4 4. Nxd4 Nc6 5. Nc3 Bg7 6. Be3 Nf6 7. Bc4 0-0 8. Bb3 a5 9. f3 d5 10. exd5 Nb4 11. Ndb5 a4 12. Bc4 Bd7 13. d6 Bxb5 14. Nxb5 Rc8 15. a3 Rxc4 16. axb4 Rxb4 17. Qd3 Rxb2 18. 0-0 Qa5 19. dxe7 Re8 20. Nd6 Rxe7 21. Nc4 Qb5 22. Nxb2 Qxd3 23. Nxd3 Rxe3 24. Kf2 Re8 25. Rxa4 Nd5 26. Re1 Rc8 27. Kg3 h5 28. c4 Nb6 29. Ra7 Nxc4 30. Rxb7 Nd6 31. Rd7 Nf5+ 32. Kh3 Bf6 33. Rb1 Rc4 34. g3 g5 35. Rb8+ Kg7 36. Nf2 Ne3 37. Rbb7 Rc2 38. Rxf7+ Kg6 39. Rxf6+ Kxf6 40. Ne4+ Kg6 41. Rb6+ Kg7 42. Rb7+ Kf8 43. Nxg5 Nf1 44. Ne6+ Kg8 45. Kh4 Rxh2+ 46. Kg5 Rg2 47. Rg7+ Kh8 48. Kf6 Rb2 49. Rg5 Rb6 50. Rxh5+ Kg8 51. f4 Nd2 52. f5 Ne4+ 53. Ke5 Nd6 54. g4 Ne8 55. Nd4 Nf6 56. Rg5+ Kf7 57. Ne6 Rb5+ 58. Kf4 Rb4+ 59. Kf3 Rb3+ 60. Ke2 Rb2+ 61. Kd3 Rg2 62. Rg7+ Ke8 63. g5 Nd7 64. f6 Nxf6 65. gxf6 Rf2 66. Re7# 1-0

[Event "ROM-ch (Women)"]
[Site "Calimanesti"]
[Date "2015.04.26"]
[Round "9"]
[White "Sgircea, Silvia Raluca"]
[Black "Stanciu, Ioana Georgiana"]
[Result "1-0"]
[WhiteElo "2294"]
[BlackElo "1829"]
[PlyCount "82"]
[EventDate "2015.04.18"]
[EventType "swiss"]
[EventRounds "9"]
[EventCountry "ROU"]
[SourceTitle "CBM 166 Extra"]
[Source "ChessBase"]
[SourceDate "2015.06.18"]
[SourceVersion "1"]
[SourceVersionDate "2015.06.18"]
[SourceQuality "1"]

1. Nf3 Nf6 2. c4 g6 3. g3 Bg7 4. Bg2 d6 5. d4 0-0 6. 0-0 Nc6 7. Nc3 Rb8 8. Bf4 a6 9. Rc1 h6 10. h4 Nh5 11. Be3 Bd7 12. Qd2 Kh7 13. Rfd1 b5 14. cxb5 axb5 15. Nd5 e6 16. Nf4 Nf6 17. Nh2 Ne7 18. Qa5 c6 19. Qb4 Ra8 20. a3 Qb8 21. Qe1 Nfd5 22. Nxd5 Nxd5 23. Bxd5 exd5 24. Qd2 Ra4 25. Qc2 Rc8 26. Rd2 c5 27. dxc5 dxc5 28. Rxd5 Be6 29. Rxc5 Rxc5 30. Bxc5 Be5 31. Nf1 Bd5 32. Bb4 Ra6 33. Qd2 Qb7 34. Ne3 Be4 35. Ng4 Bg7 36. Bc3 f5 37. Bxg7 Qxg7 38. Qd8 fxg4 39. Rc7 Ra4 40. Rxg7+ Kxg7 41. b3 Rxa3 1-0